Eastern Utah Libraries Catalog: Duchesne, Heber, Roosevelt, & Vernal

Ivy + Bean get to work! / (Record no. 360689)

MARC details
000 -LEADER
fixed length control field 01400cam a22003858i 4500
001 - CONTROL NUMBER
control field 21562539
005 - DATE AND TIME OF LATEST TRANSACTION
control field 20210421172141.0
008 - FIXED-LENGTH DATA ELEMENTS--GENERAL INFORMATION
fixed length control field 200611s2021 cau b 000 1 eng
010 ## - LIBRARY OF CONGRESS CONTROL NUMBER
LC control number 2020022977
020 ## - INTERNATIONAL STANDARD BOOK NUMBER
International Standard Book Number 9781797205106
Qualifying information (hardcover)
040 ## - CATALOGING SOURCE
Original cataloging agency DLC
Language of cataloging eng
Description conventions rda
Transcribing agency DLC
042 ## - AUTHENTICATION CODE
Authentication code pcc
-- lcac
050 00 - LIBRARY OF CONGRESS CALL NUMBER
Classification number PZ7.B27576
Item number Ibc 2021
082 00 - DEWEY DECIMAL CLASSIFICATION NUMBER
Classification number [Fic]
Edition number 23
092 ## - LOCALLY ASSIGNED DEWEY CALL NUMBER (OCLC)
Classification number junior fiction
Item number Barrows
100 1# - MAIN ENTRY--PERSONAL NAME
Personal name Barrows, Annie,
Relator term author.
9 (RLIN) 5704147
245 10 - TITLE STATEMENT
Title Ivy + Bean get to work! /
Statement of responsibility, etc written by Annie Barrows + illustrated by Sophie Blackall.
246 3# - VARYING FORM OF TITLE
Title proper/short title Ivy and Bean get to work!
246 30 - VARYING FORM OF TITLE
Title proper/short title Get to work!
263 ## - PROJECTED PUBLICATION DATE
Projected publication date 2106
264 #1 - Production, Publication, Distribution, Manufacture, and Copyright Notice.
Place of production, publication, distribution, manufacture San Francisco, California :
Name of producer, publisher, distributor, manufacturer Chronicle Books, LLC,
Date of production, publication, distribution, manufacture, or copyr [2021]
300 ## - PHYSICAL DESCRIPTION
Extent pages cm
336 ## - Content Type
Content type term text
337 ## - Media type
Media type term unmediated
338 ## - Carrier type
Carrier type term volume
490 0# - SERIES STATEMENT
Series statement Ivy + Bean ;
Volume number/sequential designation book 12
520 ## - SUMMARY, ETC.
Summary, etc After meeting Herman the Treasure Hunter during a career fair at Emerson School, every second-grader is looking for treasure and finding it--except for Ivy and Bean.
521 ## - TARGET AUDIENCE NOTE
Target audience note Ages 6-9.
Source Chronicle Books.
650 #1 - SUBJECT ADDED ENTRY--TOPICAL TERM
Topical term or geographic name as entry element Buried treasure
Form subdivision Fiction.
9 (RLIN) 5686601
650 #1 - SUBJECT ADDED ENTRY--TOPICAL TERM
Topical term or geographic name as entry element Schools
Form subdivision Fiction.
9 (RLIN) 5673727
650 #1 - SUBJECT ADDED ENTRY--TOPICAL TERM
Topical term or geographic name as entry element Occupations
Form subdivision Fiction.
9 (RLIN) 5685139
700 1# - ADDED ENTRY--PERSONAL NAME
Personal name Blackall, Sophie,
Relator term illustrator.
9 (RLIN) 44644
906 ## - LOCAL DATA ELEMENT F, LDF (RLIN)
a 7
b cbc
c orignew
d 1
e ecip
f 20
g y-gencatlg
942 ## - ADDED ENTRY ELEMENTS (KOHA)
Source of classification or shelving scheme Dewey Decimal Classification
Koha item type BOOK
Holdings
Withdrawn status Lost status Source of classification or shelving scheme Damaged status Not for loan Collection code Home library Current library Shelving location Date acquired Source of acquisition Serial Enumeration / chronology Total Checkouts Total Renewals Full call number Barcode Date last seen Date checked out Cost, replacement price Price effective from Koha item type
    Dewey Decimal Classification     Junior Fiction Wasatch County Library Wasatch County Library Main Floor Junior Area 04/21/2021 Micromarketing #12 21 20 J Barrows 34301001674656 02/03/2026 01/29/2026 14.99 04/21/2021 BOOK
This project was made possible through a grant from the Institute of Museum and Library Service administered by the Utah State Library Division.

Wasatch County Library

  • 465 East 1200 South, Heber City, Utah 84032
  • Phone 435-654-1511 | Fax 435-654-6456

Hours

  • Monday - Friday 9:30 AM - 8:00 PM
  • Saturday 9:30 AM - 1:30 PM
  • Closed Sundays and Holidays